书目信息 |
| 题名: |
天然宝库
|
|
| 作者: | 陈国栋 , 张超 主编 | |
| 分册: | ||
| 出版信息: | 济南 山东科学技术出版社 2016.06 |
|
| 页数: | 117页 | |
| 开本: | 24cm | |
| 丛书名: | 解读地球密码 | |
| 单 册: | ||
| 中图分类: | P931.7-49 | |
| 科图分类: | ||
| 主题词: | 沼泽化地--zhao ze hua di--普及读物 | |
| 电子资源: | ||
| ISBN: | 978-7-5331-8357-8 | |
| 000 | 00967nam0 22002771 450 | |
| 001 | 0109110232 | |
| 005 | 20201109110232.0 | |
| 010 | @a978-7-5331-8357-8@dCNY35.00 | |
| 100 | @a2018112e20192016em y0chiy50 ea | |
| 101 | 0 | @achi |
| 102 | @aCN@b370000 | |
| 105 | @aa z 000yy | |
| 106 | @ar | |
| 200 | 1 | @a天然宝库@Atian ran bao ku@e湿地@dNatural treasure-houses@ewetlands@f陈国栋, 张超主编@zeng |
| 210 | @a济南@c山东科学技术出版社@d2016.06@h2019.03 | |
| 215 | @a117页@c图@d24cm | |
| 225 | 2 | @a解读地球密码@Ajie du di qiu mi ma@f孔庆友主编 |
| 330 | @a本书内容包括:湿地的概念,湿地的类型,涵养水源,调蓄洪水,净化水质,维护生物多样性等。 | |
| 461 | 0 | @12001 @a解读地球密码 |
| 510 | 1 | @aNatural treasure-houses@ewetlands@zeng |
| 606 | 0 | @a沼泽化地@Azhao ze hua di@j普及读物 |
| 690 | @aP931.7-49@v5 | |
| 701 | 0 | @a陈国栋@Achen guo dong@4主编 |
| 701 | 0 | @a张超@Azhang chao@4主编 |
| 801 | 0 | @aCN@bBJSZM@c20201103 |
| 905 | @b1241439-42@dP931.7-49@e192@f4 | |
| 天然宝库:湿地=Natural treasure-houses:wetlands/陈国栋, 张超主编.-济南:山东科学技术出版社,2016.06(2019.03) |
| 117页:图;24cm.-(解读地球密码/孔庆友主编) |
| ISBN 978-7-5331-8357-8:CNY35.00 |
| 本书内容包括:湿地的概念,湿地的类型,涵养水源,调蓄洪水,净化水质,维护生物多样性等。 |
| ● |
| 相关链接 |
|
|
|
|
正题名:天然宝库
索取号:P931.7-49/192
 
预约/预借
| 序号 | 登录号 | 条形码 | 馆藏地/架位号 | 状态 | 备注 |
| 1 | 1241439 | 212414396 | 第二样本阅览室/ [索取号:P931.7-49/192] | 在馆 | |
| 2 | 1241440 | 212414403 | 第三借阅区/ [索取号:P931.7-49/192] | 在馆 | |
| 3 | 1241441 | 212414412 | 第三借阅区/ [索取号:P931.7-49/192] | 在馆 | |
| 4 | 1241442 | 212414421 | 第三借阅区/ [索取号:P931.7-49/192] | 在馆 |